Les dysenteries, le choléra asiatique, le typhus exanthématique (Record no. 141671)

MARC details
000 -LEADER
campo de control de longitud fija 00812nam a2200229 i 4500
001 - NÚMERO DE CONTROL
campo de control 141671
003 - IDENTIFICADOR DE NÚMERO DE CONTROL
campo de control ES-MaACL
005 - FECHA Y HORA DE LA ÚLTIMA TRANSACCIÓN
campo de control 20250901032927.0
007 - CAMPO FIJO DE DESCRIPCIÓN FÍSICA--INFORMACIÓN GENERAL
campo de control de longitud fija t|
008 - DATOS DE LONGITUD FIJA--INFORMACIÓN GENERAL
campo de control de longitud fija 070926s1917 fr ||||1| fre d
100 1# - ENTRADA PRINCIPAL--NOMBRE DE PERSONA
Nombre de persona Vincent, Hyacinthe.
9 (RLIN) 115307
245 14 - MENCIÓN DEL TÍTULO
Título Les dysenteries, le choléra asiatique, le typhus exanthématique
Resto del título : /
Mención de responsabilidad, etc. par H. Vincent et L. Muratet.
260 ## - PUBLICACIÓN, DISTRIBUCIÓN, ETC.
Lugar de publicación, distribución, etc. Paris :
Nombre del editor, distribuidor, etc. Masson,
Fecha de publicación, distribución, etc. 1917.
300 ## - DESCRIPCIÓN FÍSICA
Extensión 184 p. ;
Dimensiones 19 cm.
490 1# - MENCIÓN DE SERIE
Mención de serie Collection horizon. Précis de médecine et de chirigie de guerre
650 #7 - PUNTO DE ACCESO ADICIONAL DE MATERIA--TÉRMINO DE MATERIA
Término de materia o nombre geográfico como elemento de entrada Cólera
Fuente del encabezamiento o término embne
9 (RLIN) 11143
650 14 - PUNTO DE ACCESO ADICIONAL DE MATERIA--TÉRMINO DE MATERIA
Término de materia o nombre geográfico como elemento de entrada Tifus exantemático.
9 (RLIN) 17539
700 1# - ENTRADA AGREGADA--NOMBRE PERSONAL
Nombre de persona Muratet, Leon Marie Paul Arnaud.
9 (RLIN) 84543
830 0# - PUNTO DE ACCESO ADICIONAL DE SERIE-TÍTULO UNIFORME
Título uniforme Collection horizon. Précis de médecine et de chirigie de guerre
9 (RLIN) 220431
852 ## - LOCALIZACIÓN
Ubicación ES-MaACL
Número de control de estantería B-11643
Holdings
Estatus retirado Estado de pérdida Estado de daño No para préstamo Biblioteca de origen Biblioteca actual Ubicación en estantería Fecha de adquisición Fuente de adquisición Total de préstamos Signatura topográfica completa Código de barras Visto por última vez Precio de reemplazo Tipo de ítem Koha
        Biblioteca del Ateneo de Madrid Biblioteca del Ateneo de Madrid Sala Pardo Bazán 17/01/2008     B-11643 1147409 23/02/2023 23/02/2023 Libro impreso